|
|
|
|
| LEADER |
00000nab a2200000 a 4500 |
| 001 |
vtls010354927 |
| 003 |
SK-MaSNL |
| 005 |
20260303093427.0 |
| 008 |
171108c20120428xo drz 0 0slo |
| 038 |
|
|
|a KEVKJB
|
| 040 |
|
|
|a KEVKJB
|b slo
|c KEVKJB
|e AACR2
|
| 041 |
0 |
|
|a slo
|
| 044 |
|
|
|a xo
|c SK
|
| 080 |
|
|
|a 341.322.5-051
|2 2001
|
| 100 |
1 |
|
|a Jesenský, Mikuláš
|4 aut
|9 266855
|
| 245 |
1 |
0 |
|a Číslo jeden na zozname nacistov
|b najhľadanejším vojnovým zločincom je bývalý dôstojník Maďarskej kráľovskej polície v Košiciach László Csizsik Csatáry
|c Mikuláš Jesenský
|
| 300 |
|
|
|b Fotogr.
|
| 600 |
1 |
7 |
|a Csatáry, László,
|d 1915-2013
|2 kevkjb
|9 834375
|
| 600 |
1 |
7 |
|a Csizsik Csatáry, László,
|d 1915-
|2 kevkjb
|9 1104563
|
| 650 |
0 |
7 |
|a vojnoví zločinci
|2 kevkjb
|9 4461
|
| 650 |
0 |
7 |
|a Židia
|2 kevkjb
|9 3760
|
| 651 |
|
7 |
|a deportácie Židov
|z Košice (Slovensko)
|y 1944
|2 kevkjb
|9 1104564
|
| 651 |
|
7 |
|a Košice (Slovensko)
|2 kevkjb
|9 18694
|
| 773 |
0 |
|
|t Košický Korzár
|g Roč. 20, č. 99 (28.4.2012)
|x 1335-4566
|
| 773 |
0 |
8 |
|i Príl.:
|t Víkend
|g S. 2-3
|
| 852 |
|
|
|a KEVKJB
|b KIS3GCP
|
| 958 |
|
|
|a ZD
|
| 958 |
|
|
|a HU
|
| 958 |
|
|
|a BC
|
| 999 |
|
|
|c 1815592
|d 1817522
|